Регионална библиотека "Любен Каравелов" - Русе

Изкушението на невинността (Запис номер 23948)

MARC детайли
000 -Лидер
Контролно поле с фиксирана дължина 01606nam a2200361 c 4500
003 - Код на организацията, давaща контролен номер
Контролно поле BLK
005 - Дата и час на последна редакция
Контролно поле 20240315005321.0
008 - Елементи от данни с фиксирана дължина
fixed length control field 180413b bul|||||r ||||||| ||bul||
010 ## - Наследен системен номер
LC control number KNG00026446000
020 ## - Международен стандартен номер на книга ISBN
Международен стандартен номер на книга ISBN 954-8334-45-3
-- издат.: Любомъдрие
040 ## - Източник на каталожния запис
Идентификатор на билиотеката - собственик на записа BLK
041 ## - Код за език
Код за езика на текст/звукозапис или на отделно заглавие Български
Код за езика КДБФ Български
080 ## - УДК
Текстов определител УДК Общи работи. Философски науки в цялост
УДК код - определител по УДК 101
УДК определител
УДК - код + определител 101
080 ## - УДК
Текстов определител УДК Социология. Вж и 1 ; 159.9 ; 308 ; 314 ; 39
УДК код - определител по УДК 316
УДК определител
УДК - код + определител 316
080 ## - УДК
Текстов определител УДК Международни политически отношения. Световна политика. Международна политика. Дипломация
УДК код - определител по УДК 327
УДК определител
УДК - код + определител 327
100 1# - Редна дума - Автор
Автор Брюкнер, Паскал
Авторска отговорност първи автор
R(LIN) 267383
139 ## - Редно поле
Редна дума Брюкнер, Паскал
Авторски знак Бръ - Б 83
245 10 - Сведения за заглавието
Заглавие Изкушението на невинността
Редно поле (дума) Паскал Брюкнер; прев. от фр. Евгения Димитрова Грекова.
257 ## - Страна на издаване
Страна на създаване/издаване Франция
260 ## - Област на издателските данни
-- София
Име на издателя, разпространителя и проч. Любомъдрие
Година на издаване 1998
Печатница София : Силвия Русева
300 ## - Физическа характеристика
Страници 302 с.
Размери/Мащаб 20 см
380 ## - Жанр
Жанр Философия
650 #4 - Допълнително описание по предмет – тема
Основно описание – тема или топоним Личност и общество
9 (RLIN) 243183
650 #4 - Допълнително описание по предмет – тема
Основно описание – тема или топоним Индивидуализъм
9 (RLIN) 157191
650 #0 - Допълнително описание по предмет – тема
Основно описание – тема или топоним Международни отношения
9 (RLIN) 245477
700 1# - Други автори (авторска отговорност)
Лично име Грекова, Евгения Димитрова
Автороска отговорност (Описва отношението между автора и произведението) прев. от фр.
9 (RLIN) 365780
852 ## - Местоположение
Форматна сигнатура Цб 199727
856 4# - Електронен адрес и достъп
Електронен формат pdf - файл
Път до файла /url/
856 4# - Електронен адрес и достъп
Електронен формат pdf - файл
Път до файла /url/
942 ## - АРТИКУЛИ
Вид на библиотечния материал Книги
Скрит в OPAC Не
Koha issues (borrowed), all copies 1
944 ## - СЪЗДАВАНЕ И РЕДАКЦИЯ на ЗАПИСА
Създаване/Редакция Създаване
Дата на регистрацията/редакция 15.01.2003
Служител, извършил регистрацията/редакцията
Статус, дата на статуса CRON CRON
944 ## - СЪЗДАВАНЕ И РЕДАКЦИЯ на ЗАПИСА
Създаване/Редакция Редакция
Дата на регистрацията/редакция 11.06.2014
Служител, извършил регистрацията/редакцията
999 ## - СИСТЕМНИ КОНТРОЛНИ НОМЕРА
Koha biblionumber 23948
Koha biblioitemnumber 23948
Наличности
Код за отписване Код за изгубен артикул Източник на класификационната схема Код за повреда Коз за рестрикции Код за отдаване Артикулен № Име на библиотеката - собственик Име на библиотеката, в която се намира в момента Статус (Текущо местоположение) Дата на вписване в системата Местоположение - отдел Цена в лева Инвентарен номер Систематично азбучна сигнатура Баркод Номер на екземпляра Цена в евро Служебен тип на артикула Служебна бележка
  Не е изгубен Universal Decimal Classification Не е повреден без рестрикции ползва се в читалня 39574 Регионална библиотека "Любен Каравелов" Русе Регионална библиотека "Любен Каравелов" Русе Хранилище 2001-01-01 Основен фонд - ползва се само за читалня 3.80 646566 Цб 199727 120000646566 1 1.94 Книги  
  Не е изгубен Universal Decimal Classification Не е повреден без рестрикции заемане за дома 39575 Регионална библиотека "Любен Каравелов" Русе Регионална библиотека "Любен Каравелов" Русе Заемна - подръчен фонд 2001-01-01 Заемна - подръчен фонд 0.00 647857 П 101/Б 83 П 120000647857 2 0.00 Книги Дата инв: 01.02.2018 Бележки инв: П2018
Vip Innovations Ltd, Rousse, Bulgaria 2025